[Event "It (Men) Kharkov UKR"]
[Site "?"]
[Date "2006.03.29"]
[Round "2"]
[White "Gasanov Eldar"]
[Black "Golubev Mihail"]
[Result "1-0"]
[WhiteElo "2414"]
[BlackElo "2499"]
[PlyCount "77"]
[EventDate "2006.??.??"]
[Source "www.chesslib.no"]
[SourceDate "2004.05.04"]

1. d4 Nf6 2. c4 g6 3. Nc3 Bg7 4. e4 d6 5. f3 O-O 6. Nge2 a6 7. Be3 Nc6 8. Qd2 Re8 9. g3 Rb8 10. Rc1 e5 11. d5 Na5 12. Na4 c5 13. b4 b5 14. cxb5 axb5 15. Nb2 cxb4 16. Qxb4 Bd7 17. Nc3 Nc4 18. Bxc4 bxc4 19. Qa3 Bh3 20. Kf2 Ng4+ 21. fxg4 Qf6+ 22. Ke2 Bxg4+ 23. Kd2 Bh6 24. Nxc4 Bxe3+ 25. Nxe3 Qf2+ 26. Kd3 Rb2 27. Rc2 Rxc2 28. Nxc2 f5 29. Re1 Rc8 30. Qxd6 fxe4+ 31. Rxe4 Qf1+ 32. Kd2 Qg2+ 33. Ne2 Bxe2 34. Qe6+ Kg7 35. Qxe5+ Kh6 36. Rxe2 Qh1 37. Ne3 Qa1 38. Nf5+ Kg5 39. h4+ 1-0

[Event "It (Open) Moscow RUS"]
[Site "?"]
[Date "2006.02.13"]
[Round "7"]
[White "Esen Baris"]
[Black "Golubev Mihail"]
[Result "0-1"]
[WhiteElo "2420"]
[BlackElo "2484"]
[PlyCount "70"]
[EventDate "2006.??.??"]
[Source "www.chesslib.no"]
[SourceDate "2004.05.04"]

1. d4 Nf6 2. c4 g6 3. Nc3 Bg7 4. e4 d6 5. f3 O-O 6. Be3 Nc6 7. Nge2 a6 8. Qd2 Re8 9. g3 Bd7 10. Bg2 e5 11. d5 Na5 12. Qd3 b5 13. cxb5 axb5 14. Nxb5 Rb8 15. a4 c6 16. dxc6 Bxc6 17. Qxd6 Qxd6 18. Nxd6 Red8 19. Nb5 Nc4 20. Kf2 Nxe3 21. Kxe3 Bf8 22. Nec3 Bh6+ 23. f4 exf4+ 24. gxf4 Ng4+ 25. Ke2 Bxf4 26. Kf3 Be5 27. Kxg4 Rd3 28. Raf1 f6 29. Bf3 Bd7+ 30. Kh4 h5 31. Rhg1 g5+ 32. Rxg5+ fxg5+ 33. Kxg5 Kh7 34. Nd5 Rg8+ 35. Kh4 Rxd5 0-1

[Event "Katowice"]
[Site "?"]
[Date "1993.??.??"]
[Round "?"]
[White "Dydyshko, V."]
[Black "Hait, A."]
[Result "1-0"]
[WhiteElo "2490"]
[BlackElo "2410"]
[PlyCount "85"]
[EventDate "1993.??.??"]
[Source "ChessBase"]
[SourceDate "1993.02.01"]

1. d4 Nf6 2. c4 g6 3. Nc3 Bg7 4. e4 d6 5. f3 O-O 6. Be3 Nc6 7. Nge2 a6 8. Qc2 Bd7 9. Rd1 Ne8 10. g3 e5 11. Bg2 exd4 12. Nxd4 Ne5 13. b3 c5 14. Nde2 b5 15. f4 Ng4 16. Bc1 bxc4 17. bxc4 Be6 18. Qd3 Rb8 19. h3 Ngf6 20. f5 Bc8 21. e5 Bxf5 22. exf6 Bxd3 23. fxg7 Nxg7 24. Rxd3 Qf6 25. Bd5 Ne6 26. Rf3 Qe5 27. O-O Nd4 28. Nxd4 cxd4 29. Ne4 Rb1 30. Bf4 Rxf1+ 31. Kxf1 Qg7 32. Bxd6 Qh6 33. Kg2 Qc1 34. Be5 d3 35. Rxd3 Rd8 36. Rf3 Rxd5 37. Nf6+ Kf8 38. cxd5 Ke7 39. Rf2 Qe1 40. d6+ Ke6 41. d7 Qa5 42. Bc3 Qc7 43. Re2+ 1-0

[Event "URS Ch sf"]
[Site "Novosibirsk RUS"]
[Date "1971.??.??"]
[Round "?"]
[White "Platonov, Igor V"]
[Black "Butnorius, Algimantas"]
[Result "1-0"]
[WhiteElo "2470"]
[BlackElo "2430"]
[PlyCount "115"]
[EventDate "1971.??.??"]
[Source "www.chesslib.no"]
[SourceDate "2004.05.04"]

1. c4 g6 2. d4 Bg7 3. Nc3 Nf6 4. e4 d6 5. f3 O-O 6. Be3 Nc6 7. Nge2 a6 8. Nc1 e5 9. d5 Nd4 10. Nb3 Nxb3 11. Qxb3 Nh5 12. O-O-O b6 13. Qc2 Bd7 14. Kb1 Qe7 15. Qd2 Rfb8 16. Bd3 b5 17. cxb5 axb5 18. Ne2 c5 19. dxc6 Bxc6 20. Bc2 Rd8 21. Nc3 Nf4 22. Bb3 Ne6 23. Nd5 Qb7 24. Rc1 Rac8 25. h4 Nd4 26. Bxd4 exd4 27. h5 Bxd5 28. Bxd5 Qe7 29. hxg6 hxg6 30. Qd3 Rc5 31. Rxc5 dxc5 32. Qxb5 Be5 33. Rc1 Bd6 34. f4 Kg7 35. g3 Rb8 36. Qd3 f6 37. Rh1 Rh8 38. Rxh8 Kxh8 39. e5 fxe5 40. Qxg6 Qh7 41. Qxh7+ Kxh7 42. f5 Kg7 43. b3 e4 44. Bxe4 Bxg3 45. Kb2 Kf6 46. Ka3 Ke5 47. Bd3 Kf4 48. Ka4 Ke3 49. Bb1 d3 50. Kb5 d2 51. Bc2 Kd4 52. a4 Ke5 53. a5 Kd6 54. Kb6 Bf2 55. Kb7 Kd5 56. a6 c4 57. bxc4+ Kxc4 58. f6 1-0

[Event "ISR-chT"]
[Site "Israel"]
[Date "1996.??.??"]
[Round "8"]
[White "Gelfer, Israel"]
[Black "Sutovsky, Emil"]
[Result "0-1"]
[WhiteElo "2350"]
[BlackElo "2545"]
[PlyCount "68"]
[EventDate "1996.??.??"]
[Source "ChessBase"]

1. d4 Nf6 2. c4 g6 3. Nc3 Bg7 4. e4 d6 5. f3 a6 6. Be3 Nc6 7. Nge2 O-O 8. Nc1 e5 9. d5 Nd4 10. Nb3 Nxb3 11. Qxb3 Nh5 12. O-O-O Qh4 13. Kb1 f5 14. g3 Qe7 15. exf5 gxf5 16. Bd3 Kh8 17. Rde1 c5 18. f4 e4 19. Be2 Nf6 20. h3 Bd7 21. Reg1 b5 22. cxb5 axb5 23. Nxb5 Rfb8 24. a4 Nxd5 25. Qxd5 Rxa4 26. Rd1 Bxb5 27. Bxb5 Rxb5 28. Bc1 Qa7 29. Qxf5 Ra1+ 30. Kc2 Rxc1+ 31. Rxc1 Rxb2+ 32. Kd1 Qa4+ 33. Ke1 Qb4+ 34. Kf1 Qb5+ 0-1

[Event "Bundesliga 9899"]
[Site "Germany"]
[Date "1998.10.18"]
[Round "2.6"]
[White "Bischoff, Klaus"]
[Black "Mandel, Andreas"]
[Result "1-0"]
[WhiteElo "2545"]
[BlackElo "2340"]
[PlyCount "71"]
[EventDate "1998.10.17"]
[Source "ChessBase"]
[SourceDate "1999.07.01"]

1. d4 Nf6 2. c4 g6 3. Nc3 Bg7 4. e4 d6 5. f3 O-O 6. Be3 Nc6 7. Nge2 a6 8. a3 Re8 9. b4 e5 10. d5 Nd4 11. Ra2 a5 12. Kf2 axb4 13. axb4 Rxa2 14. Nxa2 Nxe2 15. Bxe2 Nh5 16. Re1 f5 17. Kg1 Bf6 18. Qd2 Bh4 19. Ra1 f4 20. Ba7 b6 21. c5 Nf6 22. Nc3 Nd7 23. cxd6 cxd6 24. Nb5 Be7 25. Rc1 Bb7 26. Nc7 Rf8 27. Ne6 Qa8 28. Nxf8 Kxf8 29. Qa2 Bd8 30. Bb5 Nb8 31. Qa4 Ke7 32. Kf1 Na6 33. Bxa6 Qxa7 34. b5 Ba8 35. Qc4 Qd7 36. Qc8 1-0

[Event "RUS-Cup06"]
[Site "Tomsk"]
[Date "2001.07.06"]
[Round "7"]
[White "Kornev, Alexei"]
[Black "Kurnosov, Igor"]
[Result "1/2-1/2"]
[WhiteElo "2507"]
[BlackElo "2375"]
[PlyCount "68"]
[EventDate "2001.06.30"]
[Source "ChessBase"]
[SourceDate "2001.09.11"]

1. d4 Nf6 2. c4 g6 3. Nc3 Bg7 4. e4 d6 5. f3 O-O 6. Be3 Nc6 7. Nge2 a6 8. Qd2 Re8 9. h4 h5 10. O-O-O b5 11. Nd5 bxc4 12. Nxf6+ Bxf6 13. g4 hxg4 14. h5 e5 15. hxg6 fxg6 16. d5 Nd4 17. fxg4 Bxg4 18. Qe1 Qd7 19. Rh6 Kg7 20. Qg3 Rh8 21. Nxd4 exd4 22. Be2 dxe3 23. Rxg6+ Kxg6 24. Bxg4 Bg5 25. Bxd7 e2+ 26. Kc2 exd1=Q+ 27. Kxd1 Rh1+ 28. Ke2 Rb8 29. b3 Rbh8 30. Bf5+ Kf6 31. Qc3+ Kf7 32. Be6+ Kg6 33. Bf5+ Kf7 34. Be6+ Kg6 1/2-1/2

[Event "Ch"]
[Site "Vladimir"]
[Date "1981.??.??"]
[Round "?"]
[White "Pushkov, Nikolai"]
[Black "Bezman, Vadim"]
[Result "0-1"]
[WhiteElo "2485"]
[BlackElo "2395"]
[PlyCount "80"]
[EventDate "1981.??.??"]
[Source "www.chesslib.no"]
[SourceDate "2004.05.04"]

1. d4 Nf6 2. c4 g6 3. Nc3 Bg7 4. e4 d6 5. f3 O-O 6. Be3 Nc6 7. Nge2 a6 8. Nc1 e5 9. d5 Nd4 10. Nb3 c5 11. dxc6 bxc6 12. Nxd4 exd4 13. Bxd4 Re8 14. Be2 Rb8 15. Qd2 d5 16. cxd5 cxd5 17. exd5 Rb4 18. O-O Rxd4 19. Qxd4 Ng4 20. Qc4 Ne3 21. Qd3 Nxf1 22. Kxf1 Qh4 23. Kg1 Bd4+ 24. Kh1 Be5 25. f4 Qxf4 26. g3 Qb4 27. Rf1 Bh3 28. Rf2 Qxb2 29. Nd1 Qd4 30. Qf3 f5 31. Qd3 Qxd3 32. Bxd3 Bd4 33. Re2 Rxe2 34. Bxe2 a5 35. g4 Bxg4 36. Bxg4 fxg4 37. Kg2 h5 38. Kf1 h4 39. Ke2 Kf7 40. Kf1 Kf6 0-1

[Event "Gausdal Masters"]
[Site "Gausdal"]
[Date "1996.??.??"]
[Round "9"]
[White "Kraidman, Yair"]
[Black "Djurhuus, Rune"]
[Result "1/2-1/2"]
[WhiteElo "2365"]
[BlackElo "2505"]
[PlyCount "22"]
[EventDate "1996.01.??"]
[Source "ChessBase"]

1. d4 Nf6 2. c4 g6 3. Nc3 Bg7 4. e4 d6 5. f3 O-O 6. Be3 Nc6 7. Nge2 a6 8. Nc1 e5 9. Nb3 exd4 10. Nxd4 Nxd4 11. Bxd4 Be6 1/2-1/2

[Event "Biel"]
[Site "Biel"]
[Date "1983.??.??"]
[Round "?"]
[White "Gheorghiu, Florin"]
[Black "Nemet, Ivan"]
[Result "1-0"]
[WhiteElo "2475"]
[BlackElo "2395"]
[PlyCount "77"]
[EventDate "1983.07.??"]
[Source "ChessBase"]

1. d4 Nf6 2. c4 g6 3. Nc3 Bg7 4. e4 d6 5. f3 O-O 6. Be3 Nc6 7. Nge2 a6 8. Qd2 Re8 9. Nc1 e5 10. d5 Nd4 11. Nb3 Nxb3 12. axb3 c5 13. b4 cxb4 14. Na4 Nd7 15. Qxb4 f5 16. Nb6 Nxb6 17. Bxb6 Qg5 18. Qd2 Qh5 19. Bd3 g5 20. h3 g4 21. fxg4 fxg4 22. O-O-O Qg6 23. Kb1 Rf8 24. h4 Bh6 25. h5 Qg7 26. Qb4 Rf6 27. Bd8 Be3 28. Rdf1 Rxf1+ 29. Rxf1 Qd7 30. Bf6 g3 31. h6 Bf2 32. Qd2 Qg4 33. Be7 Qg6 34. c5 dxc5 35. Qc3 c4 36. Qxc4 Bd7 37. d6+ Be6 38. Qc7 Rc8 39. d7 1-0

[Event "Lewkowitz Memorial C"]
[Site "Lewkowitz Memorial C"]
[Date "1994.??.??"]
[Round "?"]
[White "Nalepa, Barry K"]
[Black "Praznik, Anton"]
[Result "0-1"]
[WhiteElo "2365"]
[BlackElo "2505"]
[PlyCount "54"]
[EventDate "1994.??.??"]
[Source "www.chesslib.no"]
[SourceDate "2004.05.04"]

1. d4 Nf6 2. c4 g6 3. Nc3 Bg7 4. e4 d6 5. f3 O-O 6. Be3 Nc6 7. Nge2 a6 8. Nc1 e5 9. d5 Nd4 10. Nb3 Nxb3 11. Qxb3 c5 12. dxc6 bxc6 13. O-O-O Qe7 14. g4 Be6 15. Qa3 Rfd8 16. Na4 Rab8 17. h4 Qc7 18. Kb1 d5 19. cxd5 cxd5 20. g5 d4 21. gxf6 Bf8 22. Qd3 dxe3 23. Qe2 Rxd1+ 24. Qxd1 Rd8 25. Qe1 Bb4 26. Nc3 Bxc3 27. Qxc3 Rd1+ 0-1

[Event "Copenhagen Open"]
[Site "Copenhagen DEN"]
[Date "1988.??.??"]
[Round "?"]
[White "Conquest, Stuart"]
[Black "Riemersma, Liafbern"]
[Result "1/2-1/2"]
[WhiteElo "2445"]
[BlackElo "2420"]
[PlyCount "124"]
[EventDate "1988.06.??"]
[Source "www.chesslib.no"]
[SourceDate "2004.05.04"]

1. d4 Nf6 2. c4 g6 3. Nc3 Bg7 4. e4 d6 5. f3 O-O 6. Be3 Nc6 7. Nge2 a6 8. Nc1 e5 9. d5 Nd4 10. Nb3 Nxb3 11. Qxb3 c5 12. dxc6 bxc6 13. Rd1 Be6 14. Qa3 Ne8 15. h4 Bf6 16. Bf2 Be7 17. Qa4 Bd7 18. Qc2 Ng7 19. Qd2 Bc8 20. Bd3 Rb8 21. Qc1 Ne6 22. Bb1 Nd4 23. b3 h5 24. Kf1 Bf6 25. Ne2 c5 26. Nc3 a5 27. Bd3 Bd7 28. Be1 Ra8 29. Nd5 Bc6 30. Qe3 Bg7 31. Kg1 Rb8 32. Rb1 Qd7 33. Kh2 Rb7 34. Bd2 Rfb8 35. Qe1 Bxd5 36. cxd5 a4 37. b4 cxb4 38. Rxb4 Bf6 39. a3 Bd8 40. Qf2 Bb6 41. Ba6 Ra7 42. Bc4 Rbb7 43. Qg3 Bc5 44. Rxb7 Qxb7 45. f4 Qb2 46. Bc1 exf4 47. Bxb2 fxg3+ 48. Kxg3 Nc2 49. Rc1 Nxa3 50. Ba2 Nb5 51. e5 a3 52. Ba1 Nd4 53. Rc4 Nf5+ 54. Kf3 Ra8 55. e6 Rb8 56. Ra4 Kf8 57. Bf6 Kg8 58. e7 Re8 59. Re4 Nh6 60. Bc4 Ng4 61. Rxg4 hxg4+ 62. Kxg4 Bd4 1/2-1/2

[Event "St Petersburg-ch"]
[Site "St Petersburg"]
[Date "1999.04.14"]
[Round "9"]
[White "Sergeev, Veniamin"]
[Black "Lukin, Andrei M"]
[Result "1/2-1/2"]
[WhiteElo "2420"]
[BlackElo "2440"]
[PlyCount "64"]
[EventDate "1999.04.??"]
[Source "ChessBase"]
[SourceDate "1999.07.10"]

1. d4 Nf6 2. c4 g6 3. Nc3 Bg7 4. e4 d6 5. f3 O-O 6. Be3 Nc6 7. Nge2 a6 8. Nc1 e5 9. d5 Nd4 10. Nb3 c5 11. dxc6 bxc6 12. Nxd4 exd4 13. Bxd4 Rb8 14. Qd2 d5 15. cxd5 cxd5 16. e5 Nd7 17. f4 f6 18. e6 Re8 19. Be2 Nf8 20. O-O Nxe6 21. Ba7 Rb7 22. Bf2 d4 23. Na4 Bd7 24. b3 Bb5 25. Bxb5 Rxb5 26. Nb2 f5 27. Nd3 Nc5 28. Ne5 Bxe5 29. fxe5 d3 30. Rad1 Rxe5 31. Qc3 Qd5 32. Rfe1 Ne4 1/2-1/2

[Event "Wiesbaden Open"]
[Site "Wiesbaden GER"]
[Date "1994.??.??"]
[Round "6"]
[White "Christiansen, Larry M"]
[Black "Wind, Lutz"]
[Result "1-0"]
[WhiteElo "2560"]
[BlackElo "2300"]
[PlyCount "55"]
[EventDate "1994.??.??"]
[Source "www.chesslib.no"]
[SourceDate "2004.05.04"]

1. c4 g6 2. e4 Bg7 3. d4 d6 4. Nc3 Nf6 5. f3 O-O 6. Be3 Nc6 7. Nge2 a6 8. h4 e5 9. d5 Na5 10. Ng3 c5 11. h5 Rb8 12. Qd2 Bd7 13. Bh6 b5 14. Bxg7 Kxg7 15. Nd1 Ng8 16. Ne3 Nxc4 17. Bxc4 bxc4 18. Nxc4 Qf6 19. Nf1 Bb5 20. Nfe3 Bxc4 21. Nxc4 Rb4 22. Rc1 Rfb8 23. Rc3 Kh8 24. b3 Qd8 25. hxg6 fxg6 26. f4 Nf6 27. fxe5 dxe5 28. Qg5 1-0

[Event "Budapest FS08 GM"]
[Site "Budapest"]
[Date "2001.08.05"]
[Round "2"]
[White "Varga, Zoltan"]
[Black "Castaneda, Nelson"]
[Result "1-0"]
[WhiteElo "2518"]
[BlackElo "2341"]
[PlyCount "79"]
[EventDate "2001.08.04"]
[Source "ChessBase"]
[SourceDate "2001.09.11"]

1. d4 Nf6 2. c4 g6 3. Nc3 Bg7 4. e4 d6 5. f3 O-O 6. Be3 Nc6 7. Nge2 a6 8. a3 e5 9. d5 Ne7 10. g4 Ne8 11. h4 f5 12. g5 f4 13. Bf2 h6 14. gxh6 Bxh6 15. c5 Bd7 16. Qb3 Rb8 17. Nc1 Kh7 18. Nd3 Bg7 19. O-O-O b6 20. cxb6 cxb6 21. Nb4 a5 22. Nc6 Nxc6 23. dxc6 Bxc6 24. Bb5 Qd7 25. Bxc6 Qxc6 26. Qd5 Rc8 27. Kb1 Bf6 28. Qe6 Ng7 29. Qxd6 Qxd6 30. Rxd6 Be7 31. Rxb6 Bxa3 32. Nd5 Bc5 33. Bxc5 Rxc5 34. Nf6+ Rxf6 35. Rxf6 Nh5 36. Re6 Ng3 37. Rd1 Ne2 38. Re7+ Kh6 39. Re8 g5 40. Re6+ 1-0

[Event "OHRA"]
[Site "Amsterdam"]
[Date "1983.??.??"]
[Round "?"]
[White "Ree, Hans"]
[Black "Boersma, Paulus A"]
[Result "1-0"]
[WhiteElo "2500"]
[BlackElo "2355"]
[PlyCount "125"]
[EventDate "1983.07.??"]
[Source "ChessBase"]

1. d4 Nf6 2. c4 g6 3. Nc3 Bg7 4. e4 d6 5. f3 O-O 6. Be3 Nc6 7. Nge2 a6 8. Qd2 Re8 9. Rc1 Bd7 10. b3 Qb8 11. Ng3 e5 12. d5 Nd4 13. Nce2 c5 14. dxc6 Nxc6 15. Nc3 Nd4 16. Nge2 Qa7 17. Kf2 b5 18. Rd1 b4 19. Nb1 Bc6 20. Nxd4 exd4 21. Bxd4 Qe7 22. Be2 Bxe4 23. Rhe1 Bxb1 24. Rxb1 Nd7 25. Bxg7 Kxg7 26. Bf1 Qf6 27. Rxe8 Rxe8 28. Rd1 Nc5 29. Kg1 a5 30. Qxd6 Qxd6 31. Rxd6 a4 32. Rb6 axb3 33. axb3 Re3 34. Rxb4 Nxb3 35. Kf2 Rc3 36. Be2 Nc1 37. Bf1 Nb3 38. h4 h6 39. Rb7 Rc2+ 40. Ke3 Nc5 41. Rb5 Ne6 42. g3 g5 43. hxg5 hxg5 44. Bd3 Rc1 45. g4 Kf6 46. Kd2 Ra1 47. Be4 Ra3 48. Rd5 Ke7 49. Kc2 f6 50. Kb2 Ra7 51. Kc3 Ra6 52. Kb4 Ra1 53. Bf5 Rf1 54. Rd3 Nf4 55. Re3+ Kd6 56. c5+ Kc6 57. Be4+ Nd5+ 58. Bxd5+ Kxd5 59. Rd3+ Ke6 60. c6 Rc1 61. Kb5 f5 62. gxf5+ Kxf5 63. Kb6 1-0

[Event "Primorsko"]
[Site "Primorsko"]
[Date "1988.??.??"]
[Round "?"]
[White "Lukov, Valentin"]
[Black "Schlosser, Philipp"]
[Result "1-0"]
[WhiteElo "2460"]
[BlackElo "2385"]
[PlyCount "81"]
[EventDate "1988.??.??"]
[Source "www.chesslib.no"]
[SourceDate "2004.05.04"]

1. d4 Nf6 2. c4 g6 3. Nc3 Bg7 4. e4 d6 5. f3 O-O 6. Be3 Nc6 7. Nge2 a6 8. a3 Rb8 9. b4 b5 10. cxb5 axb5 11. Rc1 Bd7 12. d5 Ne5 13. Nd4 Qe8 14. Be2 e6 15. Qd2 exd5 16. exd5 Nc4 17. Bxc4 bxc4 18. O-O Ra8 19. Ra1 Qe5 20. Nde2 Rfe8 21. Bd4 Qf5 22. Rfd1 g5 23. a4 h5 24. Qa2 h4 25. h3 Nxd5 26. Bxg7 Ne3 27. Bd4 Nxg2 28. Ne4 Rxe4 29. fxe4 Qxh3 30. Nc3 Nf4 31. Qh2 Qf3 32. Qd2 Bg4 33. Rf1 Qg3+ 34. Kh1 h3 35. Rf2 Bf3+ 36. Rxf3 Qxf3+ 37. Kg1 c5 38. bxc5 dxc5 39. Qf2 Qg2+ 40. Qxg2 hxg2 41. Be3 1-0

[Event "OHRA-B"]
[Site "Brussels"]
[Date "1986.??.??"]
[Round "?"]
[White "Flear, Glenn C"]
[Black "Pein, Malcolm"]
[Result "1/2-1/2"]
[WhiteElo "2505"]
[BlackElo "2340"]
[PlyCount "108"]
[EventDate "1986.12.??"]
[Source "ChessBase"]

1. d4 Nf6 2. c4 g6 3. f3 Bg7 4. e4 O-O 5. Nc3 d6 6. Be3 Nc6 7. Nge2 a6 8. Rb1 Nh5 9. g4 Nf6 10. Qd2 Re8 11. Bg2 Rb8 12. b4 b5 13. cxb5 axb5 14. O-O e5 15. d5 Ne7 16. Ng3 Nd7 17. Rfc1 Nb6 18. Bf1 Bd7 19. Bd3 Rf8 20. Kh1 Qe8 21. Rg1 c6 22. Qf2 Nbc8 23. Rbc1 cxd5 24. exd5 Kh8 25. Nge4 f5 26. gxf5 Nxf5 27. Bd2 Nd4 28. Ng5 h6 29. Qh4 Bf5 30. Bxf5 Rxf5 31. Be3 Kg8 32. Ne6 Nxe6 33. dxe6 g5 34. Qe4 Qxe6 35. Nd5 Rf7 36. Rc2 Ne7 37. Nxe7+ Rxe7 38. Rd1 Rd8 39. Bb6 Rf8 40. Rc7 Rxc7 41. Bxc7 Qxa2 42. Rxd6 Qf2 43. Qd5+ Kh7 44. Qe4+ Kg8 45. Qd5+ Kh8 46. Rxh6+ Bxh6 47. Bxe5+ Bg7 48. Bxg7+ Kxg7 49. Qxg5+ Kf7 50. Qf5+ Ke7 51. Qe5+ Kf7 52. Qf5+ Ke7 53. Qe5+ Kd7 54. Qd5+ Ke7 1/2-1/2

[Event "Neukoelln"]
[Site "Berlin GER"]
[Date "1990.??.??"]
[Round "9"]
[White "Hausner, Ivan"]
[Black "Pedzich, Dominik"]
[Result "1-0"]
[WhiteElo "2440"]
[BlackElo "2405"]
[PlyCount "107"]
[EventDate "1990.??.??"]
[Source "www.chesslib.no"]
[SourceDate "2004.05.04"]

1. d4 Nf6 2. c4 g6 3. Nc3 Bg7 4. e4 d6 5. f3 O-O 6. Be3 Nc6 7. Nge2 a6 8. Rb1 e5 9. d5 Ne7 10. g4 h5 11. h3 Kh8 12. Qd2 Neg8 13. Bg5 Qe8 14. Rg1 c5 15. b4 b6 16. Nc1 Nh7 17. Be3 Qd8 18. Kd1 hxg4 19. hxg4 f5 20. exf5 gxf5 21. Qh2 Qf6 22. Bd3 e4 23. Nxe4 Qe7 24. Ng5 Be5 25. Qxh7+ Qxh7 26. Nxh7 Kxh7 27. f4 Bg7 28. bxc5 bxc5 29. Rb6 Re8 30. Bd2 Nf6 31. Bxf5+ Bxf5 32. gxf5 Rad8 33. Rxa6 Rd7 34. Ra3 Kg8 35. Re3 Rxe3 36. Bxe3 Rb7 37. Bd2 Kf7 38. Bc3 Bf8 39. Re1 Ng4 40. Kc2 Be7 41. a4 Nh6 42. f6 Bd8 43. Rh1 Kg6 44. Rg1+ Kf5 45. Rg5+ Kxf4 46. Rg7 Nf7 47. a5 Kf5 48. Rg1 Ng5 49. Ne2 Nf7 50. Rf1+ Kg4 51. Ra1 Ne5 52. Rg1+ Kh4 53. Be1+ Kh5 54. Nf4+ 1-0

[Event "POL-chT2"]
[Site "Polanica Zdroj"]
[Date "1999.??.??"]
[Round "1"]
[White "Mikrut, Dariusz"]
[Black "Wojtkiewicz, Aleksander"]
[Result "0-1"]
[WhiteElo "2269"]
[BlackElo "2570"]
[PlyCount "40"]
[EventDate "1999.??.??"]
[Source "www.chesslib.no"]
[SourceDate "2004.05.04"]

1. d4 Nf6 2. c4 g6 3. Nc3 Bg7 4. e4 O-O 5. Be3 d6 6. f3 Nc6 7. Nge2 a6 8. Qd2 Re8 9. h4 h5 10. Bh6 Bh8 11. Nd5 e5 12. Nxf6+ Bxf6 13. d5 Nd4 14. Nxd4 exd4 15. O-O-O c5 16. Bd3 b5 17. Bg5 bxc4 18. Bxc4 Rb8 19. Kb1 Rb4 20. Rc1 Bd7 0-1

[Event "Bled op"]
[Site "Bled"]
[Date "1996.??.??"]
[Round "4"]
[White "Ibragimov, Ildar"]
[Black "Praznik, Anton"]
[Result "1-0"]
[WhiteElo "2575"]
[BlackElo "2260"]
[PlyCount "53"]
[EventDate "1996.03.??"]
[Source "ChessBase"]

1. e4 d6 2. d4 Nf6 3. f3 g6 4. c4 Bg7 5. Nc3 O-O 6. Be3 Nc6 7. Nge2 a6 8. d5 Ne5 9. Ng3 c5 10. Be2 h5 11. O-O e6 12. a4 exd5 13. cxd5 Re8 14. h3 Rb8 15. Qd2 Nh7 16. f4 Nd7 17. e5 dxe5 18. f5 Nhf6 19. fxg6 fxg6 20. d6 Kh7 21. Nge4 Qa5 22. Qc2 Kh8 23. Nxf6 Nxf6 24. Qxg6 Qd8 25. Bh6 Rg8 26. Bxg7+ Rxg7 27. Qxf6 1-0

[Event "NOR Ch"]
[Site "Norway"]
[Date "1994.??.??"]
[Round "9"]
[White "Tisdall, Jonathan D"]
[Black "Gullaksen, Eirik Tvedt"]
[Result "1-0"]
[WhiteElo "2465"]
[BlackElo "2370"]
[PlyCount "111"]
[EventDate "1994.??.??"]
[Source "www.chesslib.no"]
[SourceDate "2004.05.04"]

1. d4 Nf6 2. c4 g6 3. Nc3 Bg7 4. e4 d6 5. f3 O-O 6. Be3 Nc6 7. Nge2 a6 8. h4 Rb8 9. Qd2 b5 10. cxb5 axb5 11. h5 e5 12. d5 Na5 13. Ng3 Bd7 14. b4 Nc4 15. Bxc4 bxc4 16. a3 Qc8 17. Bh6 Qb7 18. Qg5 Bxh6 19. Qxh6 Qc8 20. Nge2 Qd8 21. g4 Nxg4 22. fxg4 g5 23. O-O f6 24. Rf2 Bxg4 25. Kh2 Qe7 26. Raf1 Ra8 27. a4 Rf7 28. Ng3 Raf8 29. b5 Kh8 30. Nf5 Qd8 31. Ne3 Bc8 32. Nxc4 Qd7 33. Rf5 Qd8 34. R5f3 f5 35. exf5 g4 36. Rg3 Qh4+ 37. Kg2 Rf6 38. Qe3 Rxf5 39. Rxf5 Rxf5 40. Qh6 Rf3 41. Ne4 Rxg3+ 42. Nxg3 Qh3+ 43. Kf2 Qh2+ 44. Kf1 Qh3+ 45. Kf2 Qh2+ 46. Kf1 Qh3+ 47. Ke2 Qg2+ 48. Kd1 Qf3+ 49. Kd2 Qxd5+ 50. Kc3 Kg8 51. Qg5+ Kf7 52. Nf5 Bxf5 53. Qxf5+ Kg7 54. Qxg4+ Kh6 55. Ne3 Qc5+ 56. Kd2 1-0

[Event "Katowice Open"]
[Site "Katowice POL"]
[Date "1993.??.??"]
[Round "2"]
[White "Dydyshko, Viacheslav"]
[Black "Kempinski, Robert"]
[Result "1/2-1/2"]
[WhiteElo "2490"]
[BlackElo "2340"]
[PlyCount "103"]
[EventDate "1993.01.??"]
[Source "www.chesslib.no"]
[SourceDate "2004.05.04"]

1. d4 Nf6 2. c4 g6 3. Nc3 Bg7 4. e4 d6 5. f3 O-O 6. Be3 Nc6 7. Nge2 a6 8. Qc2 Bd7 9. Rd1 b5 10. Nc1 bxc4 11. Bxc4 Nb4 12. Qd2 d5 13. exd5 Bf5 14. O-O Nbxd5 15. Bg5 c6 16. Rfe1 Be6 17. Bf1 Nxc3 18. bxc3 c5 19. Nb3 Bxb3 20. axb3 Nd5 21. dxc5 Bxc3 22. Qf2 Bxe1 23. Qxe1 Qd7 24. Bc4 e6 25. Qe5 Qc6 26. Rxd5 exd5 27. Bxd5 Rae8 28. Qd4 Qb5 29. Bc4 Qa5 30. b4 Re1+ 31. Kf2 Qa1 32. Qf4 Qe5 33. Qxe5 Rxe5 34. Bf4 Rf5 35. Bd6 Ra8 36. Ke3 h5 37. Kd4 h4 38. Bd5 Rd8 39. Bb7 Rg5 40. f4 Rg4 41. Ke3 g5 42. Kf3 f5 43. Be5 gxf4 44. Bxa6 Rd2 45. Bf1 Rc2 46. Bd3 Rgxg2 47. Bxf4 Rcf2+ 48. Ke3 Rxf4 49. Kxf4 Rg4+ 50. Kxf5 Rxb4 51. c6 Rb6 52. Be4 1/2-1/2

[Event "Clarin GP1 Boca Juniors"]
[Site "Boca"]
[Date "1997.??.??"]
[Round "3"]
[White "Slipak, Sergio"]
[Black "Madina, Martin"]
[Result "1-0"]
[WhiteElo "2505"]
[BlackElo "2320"]
[PlyCount "83"]
[EventDate "1997.04.26"]
[Source "ChessBase"]
[SourceDate "1997.07.29"]

1. d4 Nf6 2. c4 g6 3. Nc3 Bg7 4. e4 d6 5. f3 O-O 6. Nge2 Nc6 7. Be3 a6 8. Nc1 e5 9. d5 Nd4 10. Nb3 c5 11. dxc6 bxc6 12. Nxd4 exd4 13. Bxd4 Rb8 14. Qd2 Qa5 15. Rc1 Re8 16. Be2 d5 17. cxd5 cxd5 18. e5 Nd7 19. f4 Nf8 20. O-O Ne6 21. b3 Rb4 22. Ba7 Rb7 23. Bf2 d4 24. Ne4 Qxd2 25. Nxd2 Nxf4 26. Bxa6 Rb8 27. Rxc8 Rexc8 28. Bxc8 Rxc8 29. Nc4 Ne2+ 30. Kh1 Ra8 31. a4 Bh6 32. Rd1 Nc1 33. Nb6 Ra6 34. Rxd4 Nxb3 35. Rd3 Na5 36. Rc3 Bf4 37. Bd4 Kf8 38. Rc8+ Ke7 39. Nd5+ Kd7 40. Rc7+ Kd8 41. Rxf7 Bg5 42. Bb6+ 1-0

[Event "05.OIBayEM Bad Wiessee op"]
[Site "?"]
[Date "2001.10.28"]
[Round "2"]
[White "Graf Alexander"]
[Black "Santl Anton"]
[Result "1-0"]
[WhiteElo "2610"]
[BlackElo "2209"]
[PlyCount "77"]
[EventDate "2001.??.??"]
[Source "www.chesslib.no"]
[SourceDate "2004.05.04"]

1. d4 Nf6 2. c4 g6 3. Nc3 Bg7 4. e4 d6 5. f3 O-O 6. Be3 Nc6 7. Nge2 a6 8. Rc1 Bd7 9. a3 e5 10. d5 Ne7 11. g4 Bxg4 12. fxg4 Nxg4 13. Bg5 f6 14. Bh3 Nf2 15. Be6+ Kh8 16. Kxf2 fxg5+ 17. Kg2 Ng8 18. Qd2 h5 19. Rcf1 Qe7 20. h3 Bh6 21. Rxf8 Rxf8 22. Qd1 Nf6 23. Rf1 Ne8 24. Rxf8+ Qxf8 25. Qf1 Nf6 26. Qf3 Kg7 27. Nd1 Qe8 28. Nf2 c5 29. Qb3 b5 30. cxb5 axb5 31. Nc3 g4 32. hxg4 Be3 33. Qxb5 Qh8 34. Ncd1 Bf4 35. Qb7+ Kh6 36. gxh5 Nxh5 37. Ng4+ Kg5 38. Qe7+ Nf6 39. Ndf2 1-0

[Event "P&V Cup"]
[Site "Tjalfe"]
[Date "1995.??.??"]
[Round "?"]
[White "Hoi, Carsten"]
[Black "Ahlander, Bjorn"]
[Result "1-0"]
[WhiteElo "2415"]
[BlackElo "2400"]
[PlyCount "71"]
[EventDate "1995.??.??"]
[Source "www.chesslib.no"]
[SourceDate "2004.05.04"]

1. d4 Nf6 2. c4 g6 3. Nc3 Bg7 4. e4 d6 5. f3 O-O 6. Be3 Nc6 7. Nge2 a6 8. Qd2 Re8 9. O-O-O b5 10. g4 Rb8 11. h4 Na5 12. Ng3 c5 13. h5 cxd4 14. Bxd4 Nc6 15. Be3 Ne5 16. Be2 Qc7 17. Kb1 Nxc4 18. Bxc4 Qxc4 19. Rc1 Be6 20. hxg6 fxg6 21. g5 b4 22. Nd5 Nxd5 23. Rxc4 Nxe3 24. Rc7 Nc4 25. Qh2 Kf7 26. Qxh7 Rbc8 27. Rxc8 Rxc8 28. Nf5 gxf5 29. exf5 Kf8 30. fxe6 Rc5 31. Qg6 Ne5 32. Qf5+ Ke8 33. f4 b3 34. fxe5 bxa2+ 35. Kxa2 Bxe5 36. Qxe5 1-0